Zodiac Signs (Slideshow) Quiz Stats

Quiz not verified by Sporcle

Challenge
Share
Tweet
Score 0/12 Timer 02:00
0 Plays Today
% Correct
Gemini
80.3%
Taurus
78.9%
Aries
78%
Libra
78%
Aquarius
75.2%
Cancer
72.5%
Sagittarius
72.5%
Leo
70.6%
Scorpio
69.7%
Virgo
68.3%
Pisces
65.1%
Capricorn
59.6%

You're not logged in!

Compare scores with friends on all Sporcle quizzes.
Sign Up with Email
OR
Log In

You Might Also Like...

Show Comments

Extras

Top Quizzes Today


Score Distribution

Your Account Isn't Verified!

In order to create a playlist on Sporcle, you need to verify the email address you used during registration. Go to your Sporcle Settings to finish the process.